000 06424cam a22018014i 4500
003 PE-LiUPU
005 20250813165831.0
008 0706 s2009 ag a rb 000 0 spa d
020 _a8498352460
020 _a9788498352467
035 _a(Sirsi) i9788498352467
040 _aPE-LiUPU
_bspa
_cPE-LiUPU
_dPE-LiUPU
_erda
049 _aPRUA
082 0 4 _a610.7
_bR94
_221
100 1 _aRuiz Moral, Roger,
_eautor.
245 1 0 _aEducación médica :
_bmanual práctico para clínicos /
_cRoger Ruiz Moral.
264 1 _aBuenos Aires :
_bMédica Panamericana,
_c2009 .
300 _a283 páginas :
_bilustraciones ;
_c28 centímetros
336 _atext
_2rdacontent
337 _aunmediated
_2rdamedia
338 _avolume
_2rdacarrier
504 _aIncluye refereancias bibliografícas.
505 0 _aEl clínico como educador médico -- ¿Qué debería saber sobre la enseñanza y el aprendizaje? -- Fundamentos de la guía docente CICAA -- La responsabilidad en el aprendizaje -- Los objetivos del aprendizaje -- Teorías sobre cómo aprenden los adultos -- ¿Qué es la maestría clínica y cómo se adquiere? -- La docencia en medicina como forma de relación profesional -- Lógica y contenidos de este manual (la guía docente CICAA) -- Ejercicios prácticos -- ¿Cómo me debería comportar como docente? (Estrategias para conectar) -- Ejercer de "modelo": supervisor, tutor, mentor o coach -- Habilidades comunicativas de los docentes -- La autoestima, la autoeficacia y la autonomía -- El ambiente educativo -- ¿Qué debería enseñar? -- Identificar y comprender las necesidades de aprendizaje y acordarlas -- Cómo valorar las necesidades de los aprendices. Planificar una sesión de tutorización -- Los planes de formación individualizados y los contratos pedagógicos -- El currículum: una visión general -- Introducción a la práctica clínica -- La ética de la práctica clínica -- El razonamiento -- El análisis crítico de la información. La MBE -- La docencia -- ¿Cómo puedo enseñar? (Ayudar) (I): Estrategias y métodos para la enseñanza -- Hacer preguntas (Questioning) -- El feedback docente -- La disonancia cognitiva -- El incidente crítico -- La observación en la consulta -- El vídeo y la videograbación de la consulta -- La revisión de los registros médicos -- El estudio de casos -- Las auditorías y autoauditorías -- Los proyectos -- ¿Cómo puedo enseñar? (Ayudar) (II): Escenarios para la enseñanza -- Con pacientes reales en la planta y en la consulta -- Con pacientes simulados -- En el Laboratorio de Habilidades -- En un grupo grande (en una charla o conferencia) -- En un grupo pequeño (en un taller, sesión o seminario) -- En casa: eLearning -- Educación a distancia -- ¿Cómo puedo comprobar si lo que enseño es efectivo?: Evaluación -- Aspectos generales sobre la evaluación -- La evaluación del "sabe" y "sabe cómo": Los exámenes escritos -- La evaluación del "muestra cómo": Los ECOE -- La evaluación del "hace": Evaluación del trabajo diario -- La evaluación del "hace": Los portafolios -- Consejos técnicos para conseguir una buena videograbación -- El "aprendiz difícil": estrategias diagnósticas y de manejo -- Actitudes y aptitudes a desarrollar por un docente (tutor) clínico.
526 _aP203
526 _aP200
526 _aSEG65
526 _aSEG64
526 _aSEG63
526 _aSEG62
526 _aSEG61
526 _aSEG60
526 _aSEG59
526 _aSEG58
526 _aSEG57
526 _aSEG56
526 _aSEG55
526 _aSEG54
526 _aSEG53
526 _aSEG52
526 _aSEG51
526 _aSEG50
526 _aSEG49
526 _aSEG48
526 _aSEG47
526 _aSEG46
526 _aSEG24
526 _aSEG23
526 _aSEG22
526 _aSEG21
526 _aSEG20
526 _aSEG19
526 _aSEG18
526 _aSEG17
526 _aSEG16
526 _aSEG14
526 _aSEG13
526 _aSEG12
526 _aSEG11
526 _aSEG10
526 _aSEG09
526 _aSEG06
526 _aSEG05
526 _aSEG04
526 _aSEG03
526 _aSEG02
526 _aSEG68
526 _aSEG66
526 _aSEG45
526 _aSEG25
526 _aSEG01
526 _aP163
526 _aP162
526 _aP161
526 _aP160
526 _aP159
526 _aP158
526 _aP157
526 _aP156
526 _aP155
526 _aP154
526 _aP153
526 _aP152
526 _aP151
526 _aP150
526 _aP149
526 _aP142
526 _aP141
526 _aP140
526 _aP139
526 _aP138
526 _aP137
526 _aP132
526 _aP131
526 _aP130
526 _aP126
526 _aP125
526 _aP124
526 _aP123
526 _aP115
526 _aP122
526 _aP121
526 _aP116
526 _a P114
526 _aP112
526 _aP111
526 _aP104
526 _aP103
526 _aP102
526 _aP101
526 _aP100
526 _aP96
526 _aP95
526 _aP93
526 _aP92
526 _aP91
526 _aP88
526 _aP83
526 _aP82
526 _aP79
526 _aP78
526 _aP75
526 _aP74
526 _aP71
526 _aP69
526 _a P51
526 _aP49
526 _aP48
526 _aP47
526 _aP33
526 _aP31
526 _a P30
526 _aP29
526 _aP27
526 _aP26
526 _aP25
526 _aP24
526 _a P22
526 _aP10
526 _aP09
526 _a P08
526 _aP06
526 _aP05
526 _aP04
526 _aP01
541 _g001-003347;
650 0 4 _aMedicina
_vEnseñanza.
910 _agl
_bjv
_cng
_d20110914
942 _2ddc
_cBOOK
949 _a610.7 R94
_wDEWEY
_c1
_i63670
_lCCODEBUL1
_mBUL
_p37.00
_r0
_sY
_tBOOK
_u2015-7-6
_xSALUD
_PP22
_o.STAFF. Colección Ciencias de la Salud
994 _aC0
_bPEPRU
596 _a1
999 _a610.7 R94
_wDEWEY
_c52575
_i63670
_d52575
_e2016-9-28
_f2021-11-3
_g5
_lCCODEBUL1
_mBUL
_n1
_p37.00
_r0
_sY
_tBOOK
_u2015-7-6
_xSALUD
_zP22
_0COMPRA
_o.STAFF. Colección Ciencias de la Salud
980 _81
_gALBERTO SANCHEZ Responsable de Automatización